LEADER 01529nas 2200541- 450 001 9910141558203321 005 20241204170947.0 011 $a2204-0919 035 $a(CKB)110975507367724 035 $a(CONSER)--2023204030 035 $a(MiAaJST)humaecolrevi 035 $a(MiAaPQ)2032288 035 $a(OCoLC)86222287 035 $a(DE-599)ZDB2385567-8 035 $a(EXLCZ)99110975507367724 100 $a20070326a19949999 s-- a 101 0 $aeng 135 $aurun||||||||| 181 $ctxt$2rdacontent 182 $cc$2rdamedia 183 $acr$2rdacarrier 200 00$aHuman ecology review 210 1$a[Bar Harbor, Me.] :$c[Society for Human Ecology] 210 31$aCanberra, Australia :$cANU Press 215 $a1 online resource (volumes) 300 $aRefereed/Peer-reviewed 311 08$a1074-4827 517 1 $aHuman ecology 517 1 $aHER 531 $aHUM ECOL REV 531 $aHUM. ECOL. REV 606 $aHuman ecology$vPeriodicals 606 $aÉcologie humaine$vPériodiques 606 $aHuman ecology$2fast$3(OCoLC)fst00962941 608 $aPeriodical 608 $aperiodicals.$2aat 608 $aPeriodicals.$2fast 608 $aPeriodicals.$2lcgft 608 $aPériodiques.$2rvmgf 615 0$aHuman ecology 615 6$aÉcologie humaine 615 7$aHuman ecology. 676 $a304.2/05 712 02$aSociety for Human Ecology. 906 $aJOURNAL 912 $a9910141558203321 996 $aHuman ecology review$92019448 997 $aUNINA